000 00430nam a2200169Ia 4500
005 20250508152652.0
008 008 250505s9999 xx 000 0 hin d
037 _aTextual
040 _aFEDL
_beng
_cFEDL
041 _ahin
_2eng
084 _a831.432, PRA
_qFEDL
100 _aPrasad Jai Sankar
_9398468
245 0 _aEk ghoout
300 _a45p.
942 _cTEXL
_h831.432, PRA
999 _c1337918
_d1337918